El vicario

Zapisane w:
Opis bibliograficzny
1. autor: Hochhuth, Rolf
Format: Książka
Język:Undetermined
Wydane: México, Distrito Federal Grijalbo 1964
Hasła przedmiotowe:
Etykiety: Dodaj etykietę
Nie ma etykietki, Dołącz pierwszą etykiete!

MARC

LEADER 00000nam a2200000Ia 4500
008 170316s9999 xx 000 0 und d
040 |a cru BVZT 
090 |a 830 H-10v 
100 |a Hochhuth, Rolf 
245 |a El vicario 
260 |a México, Distrito Federal 
260 |b Grijalbo 
260 |c 1964 
300 |a 444 páginas 
650 |a LITERATURA ALEMANA 
999 |c 7344  |d 7344 
942 |c 15 D  |h 830 H-10v  |2 z